000
00276nam a2200121Ia 4500
008
190216s9999||||xx |||||||||||||| ||und||
100
_a
Joshi B N
245
4
_a
The Eternal Flame
260
_b
Macmillan India Ltd
_c
1982
300
_a
146p
650
_a
Biography
942
_c
BK
999
_c
13074
_d
13074